दस प्रतिनिधि कहानियॉं ममता कालिया (Record no. 293628)

MARC details
000 -LEADER
fixed length control field 00790nam a2200205Ia 4500
003 - CONTROL NUMBER IDENTIFIER
control field OSt
005 - DATE AND TIME OF LATEST TRANSACTION
control field 20260127120134.0
008 - FIXED-LENGTH DATA ELEMENTS--GENERAL INFORMATION
fixed length control field 220922b |||||||| |||| 00| 0 hin d
020 ## - INTERNATIONAL STANDARD BOOK NUMBER
International Standard Book Number 817016723X (hbk)
037 ## - SOURCE OF ACQUISITION
Terms of availability Textual
040 ## - CATALOGING SOURCE
Original cataloging agency ARTS
Transcribing agency ARTS
Language of cataloging hin
041 ## - LANGUAGE CODE
Source of code hin
Language code of text/sound track or separate title hin
100 ## - MAIN ENTRY--PERSONAL NAME
Personal name कालिया, ममता
9 (RLIN) 156926
245 #0 - TITLE STATEMENT
Title दस प्रतिनिधि कहानियॉं ममता कालिया
246 ## - VARYING FORM OF TITLE
Title proper/short title Das pratinidhi kahāniyaॉan mamatā kāliyā
260 ## - PUBLICATION, DISTRIBUTION, ETC.
Place of publication, distribution, etc. नयी दिल्ली
Name of publisher, distributor, etc. किताबघर प्रकाशन
Date of publication, distribution, etc. 2011
300 ## - PHYSICAL DESCRIPTION
Extent 103पृ.
Dimensions cm.
942 ## - ADDED ENTRY ELEMENTS (KOHA)
Classification part O152,3N40x, Q1
Koha item type Textual
Source of classification or shelving scheme Colon Classification (CC)
Suppress in OPAC No
Holdings
Withdrawn status Lost status Source of classification or shelving scheme Damaged status Not for loan Home library Current library Date acquired Source of acquisition Cost, normal purchase price Total Checkouts Full call number Barcode Date last seen Cost, replacement price Price effective from Koha item type
    Colon Classification (CC)     Arts Library Arts Library 2022-09-23 373, 11/02/2011, Swaraj Prakashan 127.50   O152,3N40x Q1 AL1296456 2022-09-23 127.50 2022-09-23 Textual
Copyright @ Delhi University Library System